| 000 | 00797 a2200277 4500 | ||
|---|---|---|---|
| 001 | 200001561 | ||
| 003 | TR-AnTOB | ||
| 005 | 20240806143245.0 | ||
| 008 | 100728s1968 tu 000 0 | ||
| 040 |
_aTR-AnTOB _cTR-AnTOB |
||
| 041 | _aeng | ||
| 050 |
_aHB171.5 _b.S651 1968 |
||
| 090 | _aHB171.5 .S651 1968 | ||
| 100 | 1 |
_aSpeight, H. _970088 |
|
| 245 | 1 | 4 |
_aThe Economics: the science of prices and incomes / _cby H. Speight. |
| 250 | _a3rd ed. | ||
| 264 | 1 |
_aLondon : _bMethuen, _c1968. |
|
| 300 |
_a3-750 p. : _bill. ; _c22 cm. |
||
| 490 | 0 | _aUniversity paperbacks, 104 | |
| 500 | _aDistributed in the U.S.A. by Barnes & Noble. | ||
| 504 | _aIncludes Bibliographical references. | ||
| 650 | 0 |
_aEkonomi _9123595 |
|
| 650 |
_aEconomics _vPeriodicals _969400 |
||
| 942 |
_cBK _2lcc |
||
| 999 |
_c200001561 _d28710 |
||